[Rizikové faktory nepravdivosti v účtovnej legislatíve a možnosti ich eliminácie (v podmienkach podnikateľov)]

Recenzia na publikáciu: "Rizikové faktory nepravdivosti v účtovnej legislatíve a možnosti ich eliminácie". Najzávažnejšie rizikové faktory a nedostatky legislatívy v oblasti vedenia účtovníctva so zámerom dať podnet legislatívnym orgánom na ich riešenie.

Salvato in:
Dettagli Bibliografici
Autore principale: Kňažková, Veronika, 1986-
Natura: Capitolo di libro
Lingua:slovacco
Soggetti:
Tags: Aggiungi Tag
Nessun Tag, puoi essere il primo ad aggiungerne!!

MARC

LEADER 00000naa$a2200000$$$4500
001 0208009
005 20240502073447.2
041 0 |a slo 
044 |a SK 
245 1 0 |a [Rizikové faktory nepravdivosti v účtovnej legislatíve a možnosti ich eliminácie (v podmienkach podnikateľov)]  |c Veronika Kňažková 
520 |a Recenzia na publikáciu: "Rizikové faktory nepravdivosti v účtovnej legislatíve a možnosti ich eliminácie". Najzávažnejšie rizikové faktory a nedostatky legislatívy v oblasti vedenia účtovníctva so zámerom dať podnet legislatívnym orgánom na ich riešenie. 
610 2 0 |a recenzie 
610 2 0 |a systémy účtovné 
610 2 0 |a jednotka účtovná 
610 2 0 |a závierka účtovná 
610 2 0 |a audit 
610 2 0 |a legislatíva 
610 2 0 |a zákony 
100 1 |a Kňažková, Veronika, 1986-